Zvyšovanie efektívnosti marketingových aktivít prostredníctvom využívania marketingového kontrolingu v podnikoch

Komplexný pohľad na marketingový kontroling a stručná analýza situácie ohľadne jeho využívania na Slovensku a tiež poukázať na skutočnosť, že uplatňovanie marketingového kontrolingu nie je len vecou veľkých firiem, ale musí byť súčasťou každej spoločnosti, ktorej záleží na tom, aby je marketing bol...

Full description

Saved in:
Bibliographic Details
Main Author: Ďurovčík, Jaroslav, 1985-
Format: Book Chapter
Language:Slovak
Subjects:
Tags: Add Tag
No Tags, Be the first to tag this record!

MARC

LEADER 00000nla a2200000 4500
001 0241276
005 20240502073927.9
041 0 |a slo 
044 |a SK 
245 1 0 |a Zvyšovanie efektívnosti marketingových aktivít prostredníctvom využívania marketingového kontrolingu v podnikoch  |c Jaroslav Ďurovčík 
520 |a Komplexný pohľad na marketingový kontroling a stručná analýza situácie ohľadne jeho využívania na Slovensku a tiež poukázať na skutočnosť, že uplatňovanie marketingového kontrolingu nie je len vecou veľkých firiem, ale musí byť súčasťou každej spoločnosti, ktorej záleží na tom, aby je marketing bol čo najefektívnejší. 
610 2 0 |a marketing 
610 2 0 |a kontroling 
610 2 0 |a stratégia podniková 
610 2 0 |a podnik 
610 2 0 |a kontroling podnikový 
610 2 0 |a efektívnosť 
100 1 |a Ďurovčík, Jaroslav, 1985-